| 000 | 00394 a2200121 4500 | ||
|---|---|---|---|
| 001 | ART_51284 | ||
| 005 | 20260410161608.0 | ||
| 008 | 260409a | ||
| 245 | 1 | 0 | _aLos estados contables de empresas que construyen sobre inmueble propio |
| 100 | 1 | _aSimaro, Gustavo | |
| 700 | 1 | _aTorchelli, Valeria | |
| 773 | 0 |
_tProfesional & Empresaria _g- Año XXI, Nº 248 (mayo 2020) _wREV70 |
|
| 999 |
_c10339 _d10339 |
||